Winnipeg City Trivia - Statistics

General Stats
  • This quiz has been taken 66 times
    9 since last reset
  • The average score is 8 of 15
Answer Stats
Clue Answer % Correct
River that flows through Winnipeg Red River(of the North)
89%
Professional ice hockey team based in Winnipeg Winnipeg Jets
78%
That river drains into this body of water Lake Winnipeg
67%
Green space neighborhood with the Canadian Museum for Human Rights The Forks
67%
River that ends at that neighborhood (First Nation tribe) Assiniboine
56%
Second largest city in Manitoba after Winnipeg Brandon
56%
Winnipeg has one of the highest rates of this crime in Canada,with 53 instances in 2022 Homicide
56%
Major airport of Winnipeg Richardson
56%
This athlete with an amputated leg who attempted to run across Canadawas born in Winnipeg Terry Fox
56%
Informal nickname of the city given for its often frigid temperatures {Winter}peg
56%
Anabaptist university in western Winnipeg Canadian {Mennonite}University
44%
Popular footbridge on the river, named for the man who founded Manitoba Esplanade {Riel}
33%
Winter festival held in that neighborhood Festival du{Voyageur}
33%
Central neighborhood of Manitoba's French speaking community Saint {Boniface}
33%
Staged Nazi invasion of Winnipeg in February 1942, designed to boost war bonds If Day
11%
No matching quizzes found
Score Distribution
Percent of People with Each Score
Percentile by Number Answered
Your Score History
You have not taken this quiz since the last reset